000 00967aab a2200217 i 4500
001 768714001
003 CO-MdFUSB
005 20240424133524.0
008 220805b ||||| |||| 00| 0 eng d
022 _a14091968
040 _bspa
_cCO-MdFUSB
041 _aspa
100 1 _aShaw, Chris
_eautor
245 1 0 _aCuando mueren las moscas
_c/ Chris Shaw
300 _aVolumen 22, número 3 (abril - junio, 2005), página: 6
_c; 27 cm
520 _aLa descripción revela un estilo de vida y una entereza cultivados a lo largo del tiempo, enteramente diferente a las posturas fingidas que no resisten el fuego de las pruebas. La integridad le otorga una firmeza a las personas que le permite sobreponerse a las circunstancias, principio que claramente revela la historia de Job.
650 0 _aVida cristiana
_919
653 _aJob
773 0 _tApuntes Pastorales
_049442
_960138
_gVolumen 22, número 3 (abril - junio, 2005), página: 6
_qpágina: 6
942 _cANA
999 _c60958
_d60958